Акустическая характеристика осевого шахтного вентилятора; Современные проблемы машиностроения

Detalles Bibliográficos
Parent link:Современные проблемы машиностроения.— 2006.— С. 180-184
Autor Principal: Крауиньш П. Я. Петр Янович
Outros autores: Котельников А. А.
Idioma:ruso
Publicado: 2006
Subjects:
Formato: MixedMaterials Capítulo de libro
KOHA link:https://koha.lib.tpu.ru/cgi-bin/koha/opac-detail.pl?biblionumber=121456

MARC

LEADER 00000naa2a2200000 4500
001 121456
005 20231031125410.0
035 |a (RuTPU)RU\TPU\book\131534 
090 |a 121456 
100 |a 20070914d2006 k y0rusy50 ca 
101 0 |a rus 
102 |a RU 
200 1 |a Акустическая характеристика осевого шахтного вентилятора  |f П. Я. Крауиньш, А. А. Котельников 
320 |a Библиогр.: 4 назв. 
463 0 |0 (RuTPU)RU\TPU\book\116869  |t Современные проблемы машиностроения  |o труды III Международной научно-технической конференции, Томск, 27-30 ноября 2006 г.  |f Томский политехнический университет  |v С. 180-184  |d 2006  |p 248 с. 
610 1 |a вентиляторы 
610 1 |a акустические характеристики 
610 1 |a шахтные вентиляторы 
610 1 |a труды учёных ТПУ 
700 1 |a Крауиньш  |b П. Я.  |c специалист в области машиностроения  |c профессор Томского политехнического университета, доктор технических наук  |f 1939-  |g Петр Янович  |2 stltpush  |3 (RuTPU)RU\TPU\pers\21970 
701 1 |a Котельников  |b А. А. 
801 1 |a RU  |b 63413507  |c 20070914  |g PSBO 
801 2 |a RU  |b 63413507  |c 20160516  |g RCR 
942 |c BK